000 00611nam a2200205 a 4500
001 BRL_1197
005 20190320211058.0
008 261113s1959----gw-a######---#000-0#ger-#
041 _ager
044 _agw
050 4 _aN6488.G3
_b.J34 1959
245 1 0 _a50 [i.e. cincuenta] Jahre moderne kunst
_b305 Abbildungen und 32 Farbtafeln
_cMit einer Einführung von Emile Langui.
260 _aKöln
_bM. DuMont Schauberg
_c1959
300 _a336 p.
_bil., láminas
_c26 cm.
500 _aAu1393
650 1 4 _aArte moderno
_vCatálogos
_926081
700 1 _aLangui, Emile
_926082
902 _aGRL
942 _2lcc
_cB
999 _c10009
_d10009